000 00747nam a22002057a 4500
999 _c175591
_d175591
005 20200910121528.0
010 _aENG-128400
020 _c899.00
_a9789389342239
035 _aEN-111932
037 _bDBAD/PUB
082 _a519.535
100 _aTabachnick, Barbara G.
245 _aUsing Multivariate Statistics
_cby Barbara G. Tabachnick and Linda S. Fidell
250 _a7th edition
260 _aNoida
_bPearson
_c2020
270 _a15th floor,Tower-B,Word Trade Tower,Plot no.1,Block-C sec 16,
_bNoida
_e201301
_k04466540100
_mcompanysecretary.india@pearson.com
300 _axiv;832p.
_c25cm(pbk)
_bIllustrations, Tables & Graphs
500 _aIncludes Refrences, Index and Appendix
942 _2ddc
_cEN
_h519.535
_mTAB